| Tag |
First Indicator |
Second Indicator |
Subfields |
| LEADER |
00000cam a2200000Ia 4500 |
| 001 |
in00002339869 |
| 008 |
060622s2005 ncua b f000 0 eng d |
| 005 |
20230331150149.5 |
| 035 |
|
|
|a (OCoLC)ocm70159663
|
| 035 |
|
|
|a in00002339869
|
| 040 |
|
|
|a ORE
|c ORE
|d TXA
|d UtOrBLW
|
| 049 |
|
|
|a TXAM
|
| 086 |
0 |
|
|a A 13.88:SRS-79
|
| 090 |
|
|
|a SD144.A15
|b G461 no.79
|
| 100 |
1 |
|
|a Winn, Matthew F.
|
| 245 |
1 |
0 |
|a ALOG user's manual :
|b a guide to using the spreadsheet-based Artificial Log Generator /
|c Matthew F. Winn, Philip A. Araman, and Randolph H. Wynne.
|
| 264 |
|
1 |
|a Asheville, NC :
|b USDA Forest Service, Southern Research Station,
|c [2005]
|
| 300 |
|
|
|a iii, 13 pages :
|b illustrations ;
|c 28 cm.
|
| 336 |
|
|
|a text
|b txt
|2 rdacontent
|
| 337 |
|
|
|a unmediated
|b n
|2 rdamedia
|
| 338 |
|
|
|a volume
|b nc
|2 rdacarrier
|
| 490 |
1 |
|
|a General technical report SRS ;
|v 79
|
| 500 |
|
|
|a "March 2005."
|
| 520 |
3 |
|
|a "Computer programs that simulate log sawing can be valuable training tools for sawyers, as well as a means of testing different sawing patterns. Most available simulation programs rely on diagrammed-log databases, which can be very costly and time consuming to develop. Artificial Log Generator (ALOG) is a user-friendly Microsoft® Excel®-based program that accurately generates random, artificial-log data. The program's design is based on information from an analysis of real red oak (Quercus rubra L.) logs, which ensures the validity of the data. Information about generated-log features includes length, small- and large end inside-bark diameters, amount of sweep or crook, and defects. External defect attributes include type, location, length, width, and height. Some internal defect information, including depth, volume, and angle, is also given for the most common defect types. The user can either specify the log's grade and its position in the tree, or have the program randomly draw features from known distributions. Finally, the program incorporates a grading algorithm to check the grade of the generated log. This user's guide provides all the information necessary to install and run ALOG, and to interpret program output."--P. [1].
|
| 530 |
|
|
|a Also available on the World Wide Web.
|
| 504 |
|
|
|a Includes bibliographical references (page 8).
|
| 650 |
|
0 |
|a Sawing
|x Computer simulation.
|
| 650 |
|
0 |
|a Quercus rubra.
|
| 700 |
1 |
|
|a Araman, Philip A.
|
| 700 |
1 |
|
|a Wynne, Randolph H.
|
| 710 |
1 |
|
|a United States.
|b Forest Service.
|b Southern Research Station.
|
| 830 |
|
0 |
|a General technical report SRS ;
|v 79.
|
| 856 |
4 |
1 |
|u https://purl.fdlp.gov/GPO/LPS64086
|z Connect to this title online
|t 0
|
| 948 |
|
|
|a cataloged
|b h
|c 2007/12/06
|e pkellar
|f 1:12:05 pm
|
| 994 |
|
|
|a C0
|b TXA
|
| 999 |
|
|
|a MARS
|
| 999 |
f |
f |
|i ac44c3c2-10f3-33b3-bd6e-0eeb2fe1d663
|s 1528b335-6fa8-3a62-82f5-fe4c67f9a7a5
|t 0
|
| 952 |
f |
f |
|p normal
|a Texas A&M University
|b College Station
|c Sterling C. Evans Library
|d Evans: US Documents Microfiche (3rd floor)
|t 0
|e A 13.88:SRS-79
|h Superintendent of Documents classification
|i unmediated -- volume
|m A14836424213
|
| 952 |
f |
f |
|p normal
|a Texas A&M University
|b College Station
|c Sterling C. Evans Library
|d Evans: US Documents (Annex 5th floor)
|t 0
|e A 13.88:SRS-79
|h Superintendent of Documents classification
|i unmediated -- volume
|m A14836435604
|
| 952 |
f |
f |
|a Texas A&M University
|b College Station
|c Electronic Resources
|d Available Online
|t 0
|e A 13.88:SRS-79
|h Superintendent of Documents classification
|
| 998 |
f |
f |
|a A 13.88:SRS-79
|t 0
|l Available Online
|
| 998 |
f |
f |
|a A 13.88:SRS-79
|t 0
|l Evans: US Documents (Annex 5th floor)
|
| 998 |
f |
f |
|a A 13.88:SRS-79
|t 0
|l Evans: US Documents Microfiche (3rd floor)
|